The Korean directory 2005.
| Format: | Book |
|---|---|
| Published: |
Seoul:
The Korean Directory,
2005.
|
| Subjects: |
| LEADER | 00433cam a2200145 7i4500 | ||
|---|---|---|---|
| 001 | 0000017153 | ||
| 005 | 20060310090000.0 | ||
| 022 | 0 | 0 | |a 1225 - 4401 |
| 090 | 0 | 0 | |a KORS 338.7025 |b KOR |
| 245 | 0 | 4 | |a The Korean directory 2005. |
| 260 | 0 | 0 | |a Seoul: |b The Korean Directory, |c 2005. |
| 300 | # | # | |a 1157 p. |
| 650 | 0 | 0 | |a Business -- |x Directories -- |z South Korea |
| 651 | 0 | 0 | |a South Korea |
| 999 | |a B000018295 |b Directories |c Countries |e Business Information Centre | ||